000 00975nam a2200277 i 4500
001 6120
003 ES-MaACL
005 20240522092740.0
007 t|
008 890804s1989 sp a |||| | spa d
020 _a84-309-1676-8
080 _a75(074)(464.1)Prado
100 1 _aOrs, Eugenio d',
_d1881-1954
_987358
245 1 0 _aTres horas en el Museo del Prado
_b: itinerario estético ; seguido de los Avisos al visitante de las exposiciones de pintura /
_cEugenio d'Ors ; prefacio de José María Valverde.
250 _a1ª ed.
260 _aMadrid :
_bTecnos,
_c1989.
300 _aXXIII, 121 p. :
_bil. ;
_c22 cm.
490 1 _aMetrópolis
500 _aÍndices.
610 2 4 _aMuseo Nacional del Prado.
_9160001
700 1 _aValverde, José María,
_d1926-1996
_9113013
740 0 2 _aAvisos al visitante de las exposiciones de pintura.
830 0 _aMetrópolis
_9177922
852 _aES-MaACL
_jL-13323
_z. - rust.
999 _c6120
_d6120